000 00377nam a2200157Ia 4500
008 160316s1999 xxu||||| |||| 00| 0 eng d
082 _a346.017000
_bSOS
100 _a
245 _aSOS chidlren's villages of India
250 _a
260 _aAlwaye
_bSOS
_c1999
300 _a17
_b
_c
365 _b
650 _aChildren, healing, integration, education
700 _a
_a
999 _c33116
_d33116